Gaming Quiz

Random Gaming or Nintendo Quiz

Runescape Cities Quiz Stats

 Plays Quiz not verified by Sporcle

Challenge
Share
Tweet
Embed
Score 0/66 Timer 10:00
0 Plays Today
hint: % Correct
Next to the WildernessEdgeville
88%
Where the Barbarians areBarbarian Village
85.9%
Misthalin CapitalVarrock
71.1%
Spooky little townDraynor
63.9%
Asgarnia CapitalFalador
58.6%
Asgarnian PortPort Sarim
58.3%
GoblinsGoblin Village
53.2%
Melzar's TownRimmington
51.4%
DruidsTaverly
46.8%
Fishing HubCatherby
44.2%
Inhabitants predict the futureSeers' Village
40.9%
Plague CityWest Ardougne
38.6%
First CityLumbrige
36.1%
Kandarin CapitalEast Ardougne
28.4%
Cave Goblin CityDorgesh Kaan
27.6%
PiratesBrimhaven
27.6%
Newbie desertAl Kharid
26.3%
The grand treeTree Gnome Stronghold
25.6%
The streets are paved with ObsidianTzHaar
24.6%
Banana plantationMusa Point
23.5%
Just outside the KharaziShilo Village
22%
Fremennik capitalRellekka
22%
Dwarf capitalKeldagrim
18.9%
Named for a certain skeleton generalPort Khazard
17.4%
The EctofuntusPort Phasmatys
16.6%
Yes, it is so!Jatizso
16.4%
Ogress spaOo'Glog
15.3%
Has three orbsTree Gnome Village
14.3%
They got water here, right?Nardah
13%
FairiesZanaris
13%
Ogre MarketGu'Tanoth
11.8%
Sleepy little fishing townHemenster
10.7%
Vampire resistance campBurgh De Rott
10.5%
hint: % Correct
Elf VillageLletya
10.5%
City of the deadSophanem
10.2%
Forbidden city in the desertMenaphos
9.5%
KGP HQIceberg
9%
RumMos Le Harmless
9%
At the foot of the mountainsBurthrope
8.2%
Lord Drakan's capitalMeiyerditch
8.2%
Where the trolls areTroll Stronghold
7.9%
Battle!Fight Arena
7.2%
AssaultBarbarian Outpost
7.2%
WerewolvesCanfis
7.2%
On the edge of FeldipYannile
6.9%
Iorwerth's campElf Camp
6.9%
Clearing in the jungleTai Bwo Wannai Village
6.4%
Overrun with sea trollsPiscatoris
5.4%
Nobody here makes senseMor'ton
5.1%
Ape AtollMarim
5.1%
No, it is not!Nietiznot
4.6%
EceteraEceteria
4.3%
TentisBedabin Camp
4.3%
Barely a town at all (and also a port)Tyras Camp
3.3%
Glouphrie's hideoutArposandra
2.8%
MischelleniousMischellenia
2%
Hated by FremenniksMoonclan Village
2%
AliPolliniveach
1.8%
Dangerously close to #12Death Plateau
1.8%
The last of the ZarosansDesert Bandit Camp
1.5%
Easily ForgottenWitchaven
1.5%
The only town in the WildernessWilderness Bandit Camp
1.3%
Guthix's ArmyVoid Outpost
1%
Forbidden Elf cityPrffdinas
0.8%
Monks Entranna
0.8%
Holy GrailFisher King's Village
0.5%

You're not logged in!

Compare scores with friends on all Sporcle quizzes.
Join for Free
OR
Log In

You Might Also Like...

Show Comments

Extras

Top Quizzes Today


Score Distribution

Your Account Isn't Verified!

In order to create a playlist on Sporcle, you need to verify the email address you used during registration. Go to your Sporcle Settings to finish the process.

Report this User

Report this user for behavior that violates our Community Guidelines.

Details: